| 000 | 02155nkm a2200373 c 4500 | ||
|---|---|---|---|
| 003 | BLK | ||
| 005 | 20250128124910.0 | ||
| 008 | 180412b bul rap|r|||| r0| ||bulo| | ||
| 010 | _aKNG00020779000 | ||
| 040 | _aBLK | ||
| 041 |
_aBUL _cBUL |
||
| 080 |
_aОсвобождение на България. Руско-турска война (1877-1878) _b94(497.2)"1877/1878" _x(084) _z94(497.2)"1877/1878"(084) |
||
| 080 |
_aПаметници на културата на историческите периоди. Археологическите паметници. Старини _b904 _x(497.21-31)(084) _z904(497.21-31)(084) |
||
| 700 | 1 |
_aБейков, Стефан _eсъавт. _9386894 |
|
| 700 | 1 |
_aМаринов, Марин _eсъавт. _9365750 |
|
| 700 | 1 |
_aМинчева, Тянка _eсъавт. _9351310 |
|
| 700 | 1 |
_aДраганова, Тодорка _eсъавт. _9367415 |
|
| 139 |
_aПаметници на признателността _bП 16 |
||
| 245 | 1 | 0 |
_aПаметници на признателността _bКъм загиналите в Руско-турската освободителна война 1877 - 1878 г. във Великотърновския край _cсъавт. Стефан Бейков; съавт. Марин Маринов; съавт. Тянка Минчева; съавт. Тодорка Драганова. |
| 257 | _aBGR | ||
| 260 |
_аПавликени _bФарвут _c1997 |
||
| 300 |
_a48 с. _bс ил. _c24 см |
||
| 380 | _a9 | ||
| 500 | _aДруги състав.: М. Маринов, Т. Минчева, Т. Драганова, отбелязани на с. 2. - 300 тир. | ||
| 650 | 7 |
_aРуско-турска освободителна война 1877 - 1878 - Великотърновски край _2 _9170043 |
|
| 650 | 4 |
_aИсторически паметници - Великотърновски край - албуми _9351312 |
|
| 653 | _aпаметници | ||
| 852 | _aЦб 195785 | ||
| 856 | 4 |
_qpdf _u |
|
| 856 | 4 |
_qpdf _u |
|
| 942 |
_cGRA _n0 |
||
| 944 |
_aCR _c15.01.2003 _k30560 _lГеновева Генчева |
||
| 944 |
_aED _c23.12.2016 _kСилвестър_Спасов |
||
| 999 |
_c208284 _d208284 |
||